Iraq : current sanctions, long term threat, and U.S. policy options /

Bibliographic Details
Main Author: Katzman, Kenneth
Corporate Author: Library of Congress. Congressional Research Service
Format: Microform Book
Language:English
Published: [Washington, D.C.] : Congressional Research Service, Library of Congress, [1994]
Series:Major studies and issue briefs of the Congressional Research Service. Supplement ; 1994, reel 11, fr. 00060.
Subjects:

MARC

Tag First Indicator Second Indicator Subfields
LEADER 00000cam a2200000 a 4500
001 in00001369849
005 20151006083912.0
007 hd afa014baca
008 950817s1994 dcu ab f000 0 eng d
035 |a (OCoLC)33000581 
035 |9 AHJ5414AM 
040 |a UP3  |c UP3  |d UtOrBLW 
043 |a a-iq---  |a n-us--- 
049 |a TXAI 
090 |a JK1108  |b .M35 Suppl. 1994 reel 11 
099 |a film  |a S  |a 1707  |a  1994, reel 11, fr. 00060. 
100 1 |a Katzman, Kenneth. 
245 1 0 |a Iraq :  |b current sanctions, long term threat, and U.S. policy options /  |c Kenneth Katzman. 
264 1 |a [Washington, D.C.] :  |b Congressional Research Service, Library of Congress,  |c [1994] 
300 |a 24 pages ;  |c 28 cm. 
336 |a text  |b txt  |2 rdacontent 
337 |a microform  |b h  |2 rdamedia 
338 |a microfilm reel  |b hd  |2 rdacarrier 
500 |a Cover title. 
500 |a At head of title: CRS report for Congress. 
500 |a "May 25, 1994." 
504 |a Includes bibliographical references. 
500 |a "94-465 F." 
533 |a Microfilm.  |b Arlington, Va. :  |c University Publications of America,  |d 1995.  |e on 1 microfilm reel ; 35 mm. Low reduction.  |f (Major studies and issue briefs of the Congressional Research Service. 1994 supplement ; reel 11, fr. 00060). 
500 |a Microform. 
651 0 |a Iraq  |x Foreign relations  |z United States. 
651 0 |a United States  |x Foreign relations  |z Iraq. 
650 0 |a Economic sanctions  |z Iraq. 
710 2 |a Library of Congress.  |b Congressional Research Service. 
830 0 |a Major studies and issue briefs of the Congressional Research Service.  |p Supplement ;  |v 1994, reel 11, fr. 00060. 
999 |a MARS 
999 f f |s a722e384-da34-3b87-a181-7fef4f2ff4bf  |i 54e55c77-aa6b-3a4e-abdf-c5ee23506483  |t 0 
952 f f |p default  |a Texas A&M University  |b College Station  |c Sterling C. Evans Library  |d Evans: Microforms (3rd floor)  |t 0  |e film S 1707 1994, reel 11, fr. 00060.  |h Other scheme  |i microform -- microfilm reel 
998 f f |a film S 1707 1994, reel 11, fr. 00060.  |t 0  |l Evans: Microforms (3rd floor)